[Event "Sportaccord WMG Rapid w"]
[Site "Beijing CHN"]
[Date "2011.12.11"]
[Round "5"]
[White "Dzagnidze,N"]
[Black "Paehtz,E"]
[Result "1-0"]
[WhiteElo "2516"]
[BlackElo "2457"]

1.d4 d6 2.e4 g6 3.Nc3 Bg7 4.Be3 a6 5.a4 Nc6 6.Nf3 Bg4 7.Be2 Nf6 8.O-O O-O
9.Nd2 Bxe2 10.Qxe2 e5 11.d5 Nd4 12.Qd3 Nd7 13.Nb3 f5 14.Nxd4 exd4 15.Bxd4 f4
16.Bxg7 Kxg7 17.f3 Ne5 18.Qd4 Qf6 19.Ne2 g5 20.Qc3 Rf7 21.Nd4 Kh8 22.a5 Rg8
23.Nf5 Qg6 24.Rf2 h5 25.Ra3 Kh7 26.Rb3 g4 27.fxg4 Qxg4 28.Qd2 Rf6 29.h3 Qg5
30.Qxf4 Qg6 31.Rxb7 Rf7 32.Rb3 Qf6 33.Kh2 Rg6 34.Rg3 Rxg3 35.Qxg3 Ng6 36.c3 Kh8
37.Rf3 Qe5 38.Rf2  1-0

[Event "TCh-CZE Liga1 Vychod"]
[Site "Czech Rep CZE"]
[Date "2011.12.11"]
[Round "5"]
[White "Piza,V"]
[Black "Kislinsky,A"]
[Result "0-1"]
[WhiteElo "2252"]
[BlackElo "2528"]

1.e4 g6 2.d4 Bg7 3.Nc3 d6 4.f3 a6 5.a4 Nc6 6.Be3 e5 7.Nge2 f5 8.exf5 Bxf5
9.d5 Nb4 10.Rc1 Bh6 11.Bxh6 Qh4+ 12.Ng3 Qxh6 13.Qd2 Qxd2+ 14.Kxd2 Ne7 15.Bc4 O-O-O
16.Bb3 Rhf8 17.Rhd1 g5 18.Ke1 g4 19.fxg4 Bxg4 20.Rd2 Nf5 21.Nxf5 Bxf5 22.Nd1 Bg6
23.Ne3 Rf4 24.h3 Rdf8 25.Bc4 a5 26.c3 Na6 27.Bxa6 bxa6 28.b3 Kd7 29.c4 h5
30.Rc3 h4 31.Re2 Bh5 32.Rec2 c5 33.dxc6+ Kxc6 34.Rd2 Re4 35.Rcd3 Kc5 36.Rd5+ Kb4
37.R2d3 Rf6 38.Kd2 Rf2+ 39.Kc1 Ka3 40.Rxa5 Bg6 41.Rxa6 Ref4 42.Nc2+ Rxc2+
43.Kxc2 Rd4 44.Rb6 Rxd3 45.Kc1 e4 46.c5 e3  0-1

[Event "IV Amitan Mem IM"]
[Site "Donetsk UKR"]
[Date "2011.12.11"]
[Round "6"]
[White "Zajarnyi,A"]
[Black "Sysoenko,A"]
[Result "1-0"]
[WhiteElo "2333"]
[BlackElo "2244"]

1.e4 d6 2.d4 g6 3.Nc3 Bg7 4.g3 Nc6 5.Be3 e5 6.dxe5 dxe5 7.Qxd8+ Nxd8 8.Nd5 Ne6
9.Bh3 Kd8 10.O-O-O Bd7 11.Nf3 Kc8 12.Rd2 c6 13.Nb4 Kc7 14.Rhd1 Bc8 15.Ng5 Nxg5
16.Rd7+ Bxd7 17.Rxd7+ Kb8 18.Bxg5 Bh6 19.Rd8+ Kc7 20.Rxa8 Bxg5+ 21.Kd1 Bf6
22.Rxa7 Ne7 23.Ra3 Rd8+ 24.Nd3 Bg5 25.Ke2 Rd4 26.Bg2 f5 27.c3 Rd8 28.Ra5 b5
29.a4 Kb6 30.b4 bxa4 31.Rxa4 fxe4 32.Bxe4 Nd5 33.Ra3 Nf6 34.f3 Nd7 35.Ra5 Bf6
36.c4 Nb8 37.c5+ Kc7 38.Ra7+ Kc8 39.Rxh7 Rh8 40.Rxh8+ Bxh8 41.Bxg6 e4 42.Bxe4 Kd7
43.Kd2  1-0

[Event "FSFMA December 2011"]
[Site "Budapest HUN"]
[Date "2011.12.13"]
[Round "11"]
[White "Mester,A"]
[Black "Zala,G"]
[Result "1/2-1/2"]
[WhiteElo "2084"]
[BlackElo "1999"]

1.e4 g6 2.d4 Bg7 3.Nc3 d6 4.Be3 Nd7 5.Qd2 e6 6.O-O-O h6 7.f4 Ne7 8.Nf3 b6
9.Kb1 a6 10.Bd3 Bb7 11.Rhe1 d5 12.Bf2 O-O 13.Bh4 Nf6 14.exd5 Nexd5 15.Nxd5 Bxd5
16.Ne5 Qd6 17.g4 Nd7 18.Bg3 Nxe5 19.fxe5 Qd8 20.h4 c5 21.dxc5 Bf3 22.Qe3 Bxd1
23.Rxd1 bxc5 24.h5 Qg5 25.Bf4 Qxg4 26.Be2 Qf5 27.Bxh6 Rad8 28.Rh1 Qxe5 29.Qxe5 Bxe5
30.Bxf8 Kxf8 31.hxg6 fxg6 32.Bxa6 g5 33.a4 Kg7 34.Re1 Kf6 35.Bc4 g4 36.a5 Rb8
37.c3 g3 38.Re2 Bxc3 39.b3 Bxa5 40.Rxe6+ Kf5 41.Re2 Rd8 42.Kc2 Kf4 43.Bf7 Bd2
44.Be6 Be3 45.Bh3 Bf2 46.Bg2 Be3 47.Kc3 Rd1 48.Rc2 Bd4+ 49.Kc4 Bf2 50.Kb5 Rb1
51.Rc4+ Kg5 52.b4 Rg1 53.Be4 g2 54.Bxg2 Rxg2 55.bxc5 Bxc5  1/2-1/2

[Event "European Blitz 2011"]
[Site "Warsaw POL"]
[Date "2011.12.16"]
[Round "8"]
[White "Socko,B"]
[Black "Tregubov,V"]
[Result "1-0"]
[WhiteElo "2635"]
[BlackElo "2397"]

1.e4 g6 2.d4 Bg7 3.Nc3 d6 4.Be3 a6 5.a4 Nc6 6.Nge2 Nf6 7.h3 e6 8.g4 b6 9.Bg2 Bb7
10.O-O Na5 11.b3 Qe7 12.Qd2 O-O-O 13.Ng3 h5 14.g5 Nd7 15.h4 c5 16.Nge2 Kb8
17.Rfd1 Nc6 18.Rac1 Ka8 19.d5 Nb4 20.dxe6 Qxe6 21.Qxd6 Ne5 22.Qxe6 fxe6 23.Nf4 Bc8
24.a5 Ng4 25.Na4 Nxe3 26.Nxb6+ Ka7 27.fxe3 Be5 28.Nxg6 Bb2 29.Nxh8 Rxh8 30.Rb1 Bc3
31.e5 Nd5 32.Nxd5 exd5 33.Rxd5  1-0

[Event "18th Zadar Open A"]
[Site "Zadar CRO"]
[Date "2011.12.16"]
[Round "8.9"]
[White "Kulaots,K"]
[Black "Pap,G"]
[Result "1/2-1/2"]
[WhiteElo "2577"]
[BlackElo "2492"]

1.e4 g6 2.d4 Bg7 3.Nc3 d6 4.f4 Nf6 5.Nf3 O-O 6.Be3 b6 7.Qd2 Bb7 8.e5 Ng4
9.O-O-O c5 10.dxc5 bxc5 11.Bxc5 Qa5 12.Ba3 dxe5 13.Nd5 Qxd2+ 14.Rxd2 Bxd5
15.Rxd5 Ne3 16.Rd2 Nc6 17.Bb5 Rfc8 18.Bxc6 Rxc6 19.Nxe5 Bxe5 20.fxe5 Nc4
21.Bxe7 Nxd2 22.Kxd2 Rb8 23.b3 Rb5 24.Bf6 Ra5 25.a4 Rd5+ 26.Kc1 Rd3 27.Rd1 Rxd1+
28.Kxd1 Kf8 29.Kd2 Rc7 30.Kd3 Rd7+ 31.Kc3 Rc7+ 32.Kd3 Rd7+ 33.Kc3 Rc7+ 34.Kd3 Rd7+
35.Kc3  1/2-1/2

[Event "TCh-NED Meesterklasse 2011-12"]
[Site "Netherlands NED"]
[Date "2011.12.17"]
[Round "4.8"]
[White "Willemze,T"]
[Black "Pel,B"]
[Result "1-0"]
[WhiteElo "2370"]
[BlackElo "2287"]

1.e4 d6 2.d4 g6 3.Nc3 Bg7 4.Be3 a6 5.Qd2 Nd7 6.h4 h5 7.Nh3 b5 8.f3 Bb7 9.Ng5 Rc8
10.a4 c6 11.Rd1 Qc7 12.Be2 Ngf6 13.O-O O-O 14.f4 b4 15.Na2 c5 16.d5 Nh7 17.c4 bxc3
18.Nxc3 c4 19.Nxh7 Kxh7 20.g4 hxg4 21.Bxg4 f5 22.exf5 gxf5 23.Qc2 Bxc3 24.Bxf5+ Kh6
25.Bxd7 Qxd7 26.f5+ Kh7 27.bxc3 Rf6 28.Bg5 Rg8 29.Qe2 Rg7 30.Qxc4 Rxf5 31.Qe4 Bc8
32.Rde1 Kg6 33.Rf2 Rf7 34.Rg2 Kh7 35.Bxe7 Qa7+ 36.Kh2 Qc5 37.Qg4 Qxc3 38.Qg8+  1-0

[Event "Arab Games Classical Women 2011"]
[Site "Doha QAT"]
[Date "2011.12.22"]
[Round "9"]
[White "Wafa,Shrook"]
[Black "Hamza,A"]
[Result "1-0"]
[WhiteElo "1873"]
[BlackElo "1877"]

1.e4 g6 2.d4 Bg7 3.Nc3 d6 4.f4 c6 5.Nf3 Nf6 6.Bd3 O-O 7.O-O Bg4 8.h3 Bxf3
9.Qxf3 Qb6 10.Qf2 Nxe4 11.Qe1 Bxd4+ 12.Kh2 Nxc3 13.bxc3 Bf6 14.g4 e6 15.h4 Qc5
16.Bd2 Nd7 17.h5 Rfe8 18.hxg6 fxg6 19.Kg2 d5 20.Rh1 Nf8 21.Rb1 b6 22.Rh3 Qd6
23.Qf2 Re7 24.f5 exf5 25.gxf5 Rae8 26.Rf1 Be5 27.c4 Rd7 28.Bh6 Rf7 29.Qh4 Bg7
30.fxg6 hxg6 31.Bxg7 Rxf1 32.Bxf8 Kxf8 33.Kxf1 Qe6 34.Rf3+ Kg7 35.cxd5 cxd5
36.Qd4+ Kg8 37.Qf6 Qxf6 38.Rxf6 Rf8 39.Rxf8+ Kxf8 40.Bxg6 Ke7 41.Ke2 Kf6
42.Bh5 Ke5 43.Kd3 a6 44.Kc3 a5 45.a4 d4+ 46.Kc4  1-0

[Event "Groningen Match"]
[Site "Groningen NED"]
[Date "2011.12.26"]
[Round "1"]
[White "Van Foreest,Jorden"]
[Black "Ree,H"]
[Result "1/2-1/2"]
[WhiteElo "2125"]
[BlackElo "2379"]

1.e4 g6 2.d4 Bg7 3.Nc3 d6 4.Be2 a6 5.h4 Nc6 6.Be3 h5 7.Nf3 Bg4 8.Qd2 e5 9.dxe5 dxe5
10.O-O-O Qxd2+ 11.Rxd2 Nf6 12.a4 O-O 13.Bc4 Bxf3 14.gxf3 Rfd8 15.Rhd1 Rxd2
16.Rxd2 Rd8 17.Rxd8+ Nxd8 18.Kd2 Ne6 19.Bxe6 fxe6 20.Bg5 Kf7 21.f4 Nd7 22.b4 Bf8
23.b5 axb5 24.axb5 Bb4 25.Kd3 Nc5+ 26.Kc4 Bxc3 27.Kxc5 Bd4+ 28.Kc4 Bxf2 29.fxe5 Ke8
30.Kb4 b6 31.Kc4  1/2-1/2

[Event "48th Groningen Open A"]
[Site "Groningen NED"]
[Date "2011.12.26"]
[Round "5.18"]
[White "Kerigan,D"]
[Black "Pel,B"]
[Result "1/2-1/2"]
[WhiteElo "2192"]
[BlackElo "2292"]

1.e4 d6 2.d4 g6 3.Nc3 Bg7 4.Be3 a6 5.Qd2 Nd7 6.Nf3 b5 7.Bd3 Bb7 8.a4 b4 9.Ne2 c5
10.c3 bxc3 11.bxc3 Qc7 12.O-O Ngf6 13.Ng3 h5 14.h4 Ng4 15.Bg5 c4 16.Bc2 e5
17.Qe2 O-O 18.a5 d5 19.dxe5 Ndxe5 20.Nd4 dxe4 21.Bxe4 Bxe4 22.Qxe4 Rfe8 23.Ra2 Nd3
24.Qc6 Qxc6 25.Nxc6 Bxc3 26.Rc2 Be1 27.Nh1 f6 28.Bc1 c3 29.Ba3 Bd2 30.Nd4 Rac8
31.Nf3 Ne1 32.Nxe1 Bxe1 33.Bc1 Kf7 34.Ng3 Rcd8 35.Ne2 Rd2 36.Bxd2 cxd2 37.Rc7+ Ke6
38.Nc3 Kd6 39.Rc4 Ne5 40.Rd4+ Kc5 41.Rxd2 Bxd2 42.Ne4+ Kb4 43.Nxd2 Kxa5 44.Rb1 Rc8
45.Kf1 Rc2 46.Ke1 Nc4 47.Ne4 f5 48.Nc5 Nb2 49.Ra1+ Kb5 50.Nxa6 Nd3+ 51.Kf1 Rxf2+
52.Kg1 Rc2 53.g3 Ne5 54.Nb8 Nf3+ 55.Kf1 Nd2+ 56.Kg1 Rc3 57.Kh2 Rc2 58.Kg1 Rc3
59.Kh2 Ne4 60.Rb1+ Kc5 61.Nd7+ Kd6 62.Nf8 Rxg3 63.Nxg6 Rg4 64.Rb6+ Kc5 65.Ra6 Kd4
66.Ra4+ Ke3 67.Ra3+ Ke2 68.Ra2+ Nd2 69.Ne5 Rxh4+ 70.Kg3 Re4 71.Nf3 Rg4+ 72.Kh3 Kxf3
73.Rxd2 f4 74.Ra2 Rg3+ 75.Kh4 Rg2 76.Ra3+ Kf2 77.Ra2+ Kg1 78.Ra1+ Kh2 79.Rf1 Rg3
80.Rf2+  1/2-1/2

[Event "V Stadium Casablanca Open"]
[Site "Zaragoza ESP"]
[Date "2011.12.26"]
[Round "3"]
[White "Dauletova,G"]
[Black "Kogan,Ar"]
[Result "0-1"]
[WhiteElo "2283"]
[BlackElo "2572"]

1.e4 g6 2.d4 Bg7 3.Nc3 d6 4.Nge2 Nf6 5.g3 Nbd7 6.Bg2 O-O 7.h3 Rb8 8.a4 c5
9.Be3 b6 10.O-O a6 11.g4 cxd4 12.Bxd4 Bb7 13.Qd2 Nc5 14.Ng3 e5 15.Be3 Ne6
16.Rfd1 Ne8 17.Ra3 Bf6 18.Rb3 Nc5 19.Ra3 Be7 20.Nd5 Bxd5 21.Qxd5 Bg5 22.Bxc5 bxc5
23.Rb3 Rxb3 24.Qxb3 Ng7 25.Bf1 a5 26.Bc4 Kh8 27.Qd3 Qc8 28.Qf3 Qb8 29.b3 Ne6
30.Ne2 Bh4 31.Qe3 Ng5 32.f4 exf4 33.Nxf4 d5 34.Rxd5 Qxf4 35.Qxf4 Nxh3+ 36.Kf1 Nxf4
37.Rxc5 Rd8 38.Bd5 f5 39.gxf5 gxf5 40.Rxa5 fxe4 41.c4 e3 42.Bf3 Rd2 43.Kg1  0-1

[Event "Caissa New Year Rating 2011-12"]
[Site "Kecskemet HUN"]
[Date "2011.12.27"]
[Round "1.2"]
[White "Marosi,C"]
[Black "Nitish Belurkar"]
[Result "1-0"]
[WhiteElo "1972"]
[BlackElo "1662"]

1.e4 g6 2.d4 Bg7 3.Nc3 d6 4.Be3 e6 5.Qd2 h6 6.O-O-O Ne7 7.h4 Nd7 8.f4 Nf6
9.Be2 d5 10.e5 Nd7 11.h5 a6 12.hxg6 fxg6 13.g4 Nf8 14.Nf3 Bd7 15.Nh4 b5 16.Bd3 c6
17.Rdf1 Qa5 18.Kb1 O-O-O 19.Nxd5 Qxd2 20.Nxe7+ Kc7 21.Bxd2 Re8 22.Nexg6 Nxg6
23.Bxg6 Rd8 24.Bh5  1-0

[Event "Cracovia Open A"]
[Site "Krakow POL"]
[Date "2011.12.28"]
[Round "2.18"]
[White "Nowicki,B"]
[Black "Tregubov,V"]
[Result "1-0"]
[WhiteElo "2133"]
[BlackElo "2397"]

1.e4 g6 2.d4 Bg7 3.Nc3 d6 4.f4 a6 5.Nf3 b5 6.Bd3 Nd7 7.e5 Nh6 8.O-O O-O 9.Ne4 Bb7
10.Qe1 Nf5 11.g4 Nxd4 12.Nxd4 c5 13.Ng5 cxd4 14.e6 Nc5 15.Qh4 h6 16.Nxf7 Rxf7
17.exf7+ Kxf7 18.f5 g5 19.Qh5+ Kg8 20.h4 Nxd3 21.cxd3 Rc8 22.Rf2 Qa5 23.Bd2 b4
24.hxg5 hxg5 25.Bxg5 Qe5 26.Bf4 Qd5 27.Re1 Qf7 28.Qxf7+ Kxf7 29.Rc1 Rg8 30.g5 Bc8
31.Bd2 Be5 32.Rc7 d5 33.Rc5 Bg3 34.Rf3 Bd6 35.Rc1 a5 36.Kg2 a4 37.Rh1 b3
38.axb3 axb3 39.Rh7+ Ke8 40.Kf2 Rf8 41.g6 Be5 42.Bg5  1-0

[Event "Zuerich Weihnachtsopen Masters"]
[Site "Zuerich SUI"]
[Date "2011.12.28"]
[Round "4"]
[White "Langwieser,A"]
[Black "Mittelberger,P"]
[Result "0-1"]
[WhiteElo "2045"]
[BlackElo "2180"]

1.e4 d6 2.d4 g6 3.Nc3 Bg7 4.f4 Nf6 5.Nf3 O-O 6.Be3 a6 7.e5 Ng4 8.Qd2 c5 9.d5 dxe5
10.fxe5 Nxe3 11.Qxe3 Bg4 12.O-O-O Qc7 13.d6 exd6 14.Nd5 Qd8 15.Nf6+ Bxf6
16.Rxd6 Qe7 17.Rxf6 Nd7 18.Qg5 Nxf6 19.exf6 Qe6 20.Bd3 Bxf3 21.Bc4 h6 22.Qh4 Qe3+
23.Kb1  0-1

[Event "10th Nantes Open"]
[Site "Nantes FRA"]
[Date "2011.12.29"]
[Round "6.9"]
[White "Murie,E"]
[Black "Le Borgne,P"]
[Result "0-1"]
[WhiteElo "2055"]
[BlackElo "2198"]

1.e4 g6 2.d4 Bg7 3.Nc3 d6 4.f3 Nd7 5.Be3 a6 6.a4 b6 7.Qd2 Bb7 8.Bd3 e6 9.Nge2 c5
10.Nd1 h5 11.c3 Ne7 12.O-O Nc6 13.Nf2 Rc8 14.Rac1 Na5 15.Qd1 d5 16.exd5 exd5
17.b4 cxb4 18.cxb4 Nc4 19.Bxc4 dxc4 20.Ne4 Qe7 21.d5 O-O 22.d6 Qe8 23.Bd4 Bxe4
24.Bxg7 Kxg7 25.Qd4+ Qe5 26.fxe4 Qxd4+ 27.Nxd4 Ne5 28.Nf3 Nd3 29.Rc3 Rfd8
30.Rd1 Rxd6 31.Ne5 Rd4 32.Nxd3 Rcd8 33.b5 cxd3 34.bxa6 Rxe4 35.Ra3 Rc4 36.Kf2 Rc2+
37.Ke3 Rxg2 38.Rdxd3 Ra8 39.Rd6 Rxh2 40.Kf4 Rxa6  0-1

[Event "TCh-ISR 2011-12"]
[Site "Israel ISR"]
[Date "2011.12.30"]
[Round "3.5"]
[White "Weisbuch,U"]
[Black "Chernomordik,P"]
[Result "1/2-1/2"]
[WhiteElo "2304"]
[BlackElo "2301"]

1.e4 g6 2.d4 Bg7 3.Nc3 d6 4.Be3 a6 5.f3 b5 6.Qd2 Nd7 7.Nd1 Nb6 8.b3 f5 9.Bd3 c5
10.c3 c4 11.Bc2 fxe4 12.fxe4 Nf6 13.Nf3 O-O 14.O-O e6 15.Nf2 Bb7 16.Rae1 a5
17.Bh6 Qc7 18.Bxg7 Kxg7 19.e5 dxe5 20.Nxe5 Ng8 21.Ne4 Bxe4 22.Bxe4 Nd5 23.bxc4 bxc4
24.h4 Ngf6 25.Bf3 a4 26.Qg5 Kh8 27.h5 gxh5 28.Bxd5 Nxd5 29.Qxh5 Qg7 30.Nf7+ Kg8
31.Re5 Ne7 32.Nh6+ Kh8 33.Nf7+ Kg8 34.Nh6+ Kh8 35.Nf7+ Kg8 36.Nh6+ Kh8  1/2-1/2

[Event "V Stadium Casablanca Open"]
[Site "Zaragoza ESP"]
[Date "2011.12.31"]
[Round "9"]
[White "Ramiro Ovejero,J"]
[Black "Vassallo Barroche,M"]
[Result "1/2-1/2"]
[WhiteElo "2303"]
[BlackElo "2429"]

1.e4 g6 2.d4 Bg7 3.Nc3 d6 4.f4 Nf6 5.Nf3 O-O 6.Be2 c5 7.d5 e6 8.O-O exd5
9.e5 Ne4 10.Nxd5 Nc6 11.Bd3 dxe5 12.Bxe4 f5 13.Nf6+ Qxf6 14.Bd5+ Kh8 15.Bxc6 Qxc6
16.Nxe5 Qb6 17.c4 Bxe5  1/2-1/2

[Event "Northern California International"]
[Site "Fremont USA"]
[Date "2012.01.02"]
[Round "1"]
[White "Bryant,J"]
[Black "Inumerable,F"]
[Result "1-0"]
[WhiteElo "2401"]
[BlackElo "2154"]

1.e4 g6 2.d4 Bg7 3.Nc3 d6 4.g3 Nc6 5.Be3 e5 6.dxe5 Nxe5 7.h3 Be6 8.Bg2 Nf6
9.Nge2 Nc4 10.Bc1 c6 11.O-O Qd7 12.Nf4 O-O 13.Nxe6 fxe6 14.Qe2 d5 15.Rd1 b5
16.a4 a6 17.axb5 axb5 18.Rxa8 Rxa8 19.b3 Nb6 20.e5 Ne8 21.Ne4 Qf7 22.Ng5 Qe7
23.h4 Nc7 24.f4 Ra2 25.Be3 Nd7 26.h5 c5 27.hxg6 hxg6 28.Qd3 Nf8 29.c4 bxc4
30.bxc4 d4 31.Bd2 Bh6 32.Ne4 Ne8 33.Qb3 Qa7 34.Qb5 Nd7 35.Rb1 Ra1 36.Rxa1 Qxa1+
37.Kh2 Qa7 38.Nxc5 Qxc5 39.Qxd7 Ng7 40.Qb5 Qa3 41.g4 Qd3 42.Qb4 Qe2 43.g5 Nf5
44.gxh6 Kh7 45.Bc1 Ne3 46.Bxe3 Qxe3 47.Qf8  1-0

[Event "Cracovia Open A"]
[Site "Krakow POL"]
[Date "2012.01.02"]
[Round "6.13"]
[White "Kalvaitis,S"]
[Black "Tregubov,V"]
[Result "1/2-1/2"]
[WhiteElo "2252"]
[BlackElo "2397"]

1.e4 g6 2.d4 Bg7 3.Nc3 d6 4.Nf3 a6 5.a4 Nc6 6.h3 Nf6 7.Be2 O-O 8.O-O b6 9.Bf4 Bb7
10.d5 Nb4 11.Nd4 Re8 12.Bc4 Qc8 13.Re1 c6 14.dxc6 Nxc6 15.Nxc6 Bxc6 16.Bb3 Qb7
17.Qd3 b5 18.axb5 axb5 19.Rxa8 Rxa8 20.Nd5 e6 21.Nxf6+ Bxf6 22.Bxd6 Bxb2
23.f3 Bf6 24.Qe3 Rd8 25.e5 Bg7 26.Kh2 Bd5 27.Rb1 Rc8  1/2-1/2

[Event "Cracovia Open A"]
[Site "Krakow POL"]
[Date "2012.01.02"]
[Round "6.5"]
[White "Jedynak,R"]
[Black "Sivuk,V"]
[Result "1-0"]
[WhiteElo "2494"]
[BlackElo "2432"]

1.d4 g6 2.e4 Bg7 3.Nc3 d6 4.f4 a6 5.Nf3 b5 6.a3 Nd7 7.d5 Bb7 8.Bd3 Ngf6 9.O-O O-O
10.Qe1 Nc5 11.Be3 Nxd3 12.cxd3 c6 13.dxc6 Bxc6 14.Qh4 Qd7 15.h3 Qb7 16.f5 b4
17.axb4 Qxb4 18.Rf2 h5 19.fxg6 fxg6 20.e5 Qxh4 21.Nxh4 dxe5 22.Nxg6 Rfe8
23.Bc5 Kh7 24.Nxe7 Bb5 25.Nxb5 axb5 26.Raf1 e4 27.Rxf6 Bxf6 28.Rxf6 Kg7 29.Rf4 exd3
30.Bd4+ Kh6 31.Rf7 Ra1+ 32.Kf2 Kg5 33.Be3+  1-0

[Event "Cracovia Open A"]
[Site "Krakow POL"]
[Date "2012.01.02"]
[Round "6.33"]
[White "Leks,M"]
[Black "Shilov,S"]
[Result "0-1"]
[WhiteElo "2106"]
[BlackElo "2188"]

1.e4 g6 2.d4 Bg7 3.Nc3 d6 4.f4 Nf6 5.Nf3 O-O 6.Bd3 c5 7.d5 b5 8.Nxb5 c4 9.Bxc4 Nxe4
10.Qe2 Nf6 11.Bb3 Nbd7 12.c4 Nc5 13.Bc2 e6 14.dxe6 Bxe6 15.O-O Re8 16.Rd1 Bf5
17.Ne5 Bg4 18.Qe3 Bxd1 19.Bxd1 dxe5  0-1

[Event "Northern California International"]
[Site "Fremont USA"]
[Date "2012.01.03"]
[Round "3"]
[White "Liu,Daniel"]
[Black "Inumerable,F"]
[Result "1-0"]
[WhiteElo "2049"]
[BlackElo "2154"]

1.e4 g6 2.d4 Bg7 3.Nc3 d6 4.f4 Nf6 5.Nf3 O-O 6.Bd3 c5 7.d5 a6 8.a4 e6 9.O-O exd5
10.exd5 Bg4 11.h3 Bxf3 12.Qxf3 Nbd7 13.Bd2 Qc7 14.b3 Rfe8 15.Kh1 Re7 16.a5 Rae8
17.g4 h6 18.Rg1 c4 19.bxc4 Nc5 20.Raf1 Nce4 21.Nxe4 Nxe4 22.Be1 Bd4 23.Rg2 Nc5
24.Bd2 Ne4 25.Bc1 Qxa5 26.g5 hxg5 27.f5 f6 28.fxg6 Kg7 29.Bxe4 Rxe4 30.Bxg5 Qd8
31.c3 Re3 32.Bxe3 Rxe3 33.Qh5 Qh8 34.Qxh8+ Kxh8 35.g7+  1-0

[Event "4th Chennai Open"]
[Site "Chennai IND"]
[Date "2012.01.04"]
[Round "2"]
[White "Bartakke,A"]
[Black "Rahman,Zia"]
[Result "0-1"]
[WhiteElo "2178"]
[BlackElo "2523"]

1.e4 g6 2.d4 Bg7 3.Nc3 d6 4.h3 a6 5.Nf3 Nf6 6.Be3 O-O 7.Qd2 b5 8.a3 Bb7 9.Bd3 Nbd7
10.d5 c6 11.dxc6 Bxc6 12.Bh6 Nc5 13.Bxg7 Kxg7 14.Qe3 Rc8 15.O-O Bd7 16.Rfe1 Nxd3
17.cxd3 a5 18.e5 dxe5 19.Qxe5 b4 20.axb4 axb4 21.Ne2 Qb6 22.Rac1 Rxc1 23.Rxc1 Qb5
24.Ned4 Qxe5 25.Nxe5 Rd8 26.Rc7 Be8 27.Ndc6 Bxc6 28.Nxc6 Rxd3 29.Nxb4 Rd4
30.Nc2 Rd1+ 31.Kh2 Rd2 32.f3 Nd5 33.Rc4 e5 34.b4 Nf4 35.Ne3 Re2 36.Rc3 Rb2
37.Rc5 Nd3 38.Rd5 Ne1 39.Kg1 e4 40.fxe4 Re2 41.Nd1 Nxg2 42.b5 Nf4 43.Rd4 Ne6
44.b6 Nxd4  0-1

[Event "24th Staufer-Open"]
[Site "Schwaebisch Gmuend GER"]
[Date "2012.01.04"]
[Round "6"]
[White "Sohl,J"]
[Black "Gebhardt,Uw"]
[Result "1-0"]
[WhiteElo "2165"]
[BlackElo "2026"]

1.e4 g6 2.d4 Bg7 3.Nc3 d6 4.Be3 c6 5.a4 Qc7 6.Nf3 Nf6 7.h3 O-O 8.a5 e5 9.dxe5 dxe5
10.Bc4 h6 11.O-O Rd8 12.Qc1 Kh7 13.Bb6 axb6 14.axb6 Qe7 15.Rxa8 Nbd7 16.Qe3 Nf8
17.Raa1 Nh5 18.Rfd1 Rxd1+ 19.Rxd1 Nf4 20.Ne2 g5 21.Qa3 c5 22.Qa8 Nxe2+ 23.Bxe2 Qe6
24.Rd8 Bd7 25.Rxf8 Bxf8 26.Qxf8 c4 27.Qc5  1-0

[Event "24th Staufer-Open"]
[Site "Schwaebisch Gmuend GER"]
[Date "2012.01.04"]
[Round "6"]
[White "Gheng,J"]
[Black "Gabriel,J"]
[Result "1-0"]
[WhiteElo "2349"]
[BlackElo "2161"]

1.e4 g6 2.d4 Bg7 3.Nc3 d6 4.Be3 a6 5.Qd2 b5 6.h4 Bb7 7.f3 h5 8.Nh3 Nd7 9.Ng5 e5
10.d5 Qe7 11.a4 b4 12.Na2 a5 13.c3 Nc5 14.Bb5+ Kf8 15.cxb4 Nb3 16.Qd3 Nxa1
17.O-O Bf6 18.Rxa1 Kg7 19.bxa5 Rxa5 20.Nb4 Bxg5 21.hxg5 f6 22.Qd2 Ra8 23.a5 fxg5
24.Bxg5 Nf6 25.a6 Qf7 26.Ra3 Bc8 27.Bc6 Bd7 28.Bxa8 Rxa8 29.Qc1 Bb5 30.Ra5 Be8
31.Nc6 Qd7 32.b4 Qc8 33.b5 Nd7 34.Bh6+ Kh7 35.Qg5 Bf7 36.Ra3 Qh8 37.Qc1 Rc8
38.Be3 Qe8 39.Na7 Ra8 40.Qxc7 Qe7 41.Nc6 Qh4 42.Ra1 Be8 43.Qxd6 g5 44.Qe7+ Kg6
45.Qe6+ Kh7 46.Qf5+ Kh6 47.Ne7  1-0

[Event "Northern California International"]
[Site "Fremont USA"]
[Date "2012.01.05"]
[Round "5"]
[White "Liu,Daniel"]
[Black "Manvelyan,Hayk"]
[Result "1-0"]
[WhiteElo "2049"]
[BlackElo "2202"]

1.e4 g6 2.d4 Bg7 3.Nc3 d6 4.f4 Nd7 5.Nf3 c5 6.d5 Ngf6 7.e5 dxe5 8.fxe5 Ng4
9.e6 fxe6 10.dxe6 Nde5 11.Bb5+ Nc6 12.Qxd8+ Kxd8 13.Ng5 Rf8 14.h3 Nge5 15.Nxh7 Rh8
16.Bxc6 Nxc6 17.Ng5 Rf8 18.Be3 b6 19.O-O-O+ Kc7 20.Nd5+ Kb7 21.Rhf1 Rxf1
22.Rxf1 Bh6 23.Nxe7 Nxe7 24.Rf7 Kc6 25.Rxe7 Kd6 26.Re8 Bxg5 27.Bxg5 Bb7 28.Bf4+ Kd5
29.Re7 Bc8 30.b3 Ke4 31.g3 Kf5 32.Re8 Bb7 33.Rxa8 Bxa8 34.e7 Bc6 35.Bb8 a6
36.Ba7 Ke4 37.Bxb6 Kf3 38.Bc7 g5 39.Kd2 Bb5 40.Kc3 Ke4 41.a4  1-0

[Event "Northern California International"]
[Site "Fremont USA"]
[Date "2012.01.05"]
[Round "6"]
[White "Gaffagan,S"]
[Black "Helfst,Matt D"]
[Result "0-1"]
[WhiteElo "2071"]
[BlackElo "1943"]

1.e4 g6 2.d4 d6 3.Nc3 Bg7 4.g3 Nf6 5.Bg2 O-O 6.Nge2 c6 7.h3 Nbd7 8.O-O e5
9.Be3 Qa5 10.g4 Rd8 11.Ng3 Nf8 12.g5 Ne8 13.d5 c5 14.a4 f5 15.exf5 gxf5 16.Nh5 Bh8
17.Kh1 Ng6 18.Rg1 Qb4 19.a5 Qh4 20.f4 exf4 21.Bd2 Bd4 22.Rf1 Be3 23.Nf6+ Nxf6
24.gxf6 Qxf6 25.Ne2 Qg5 26.Bf3 Qh6 27.Kh2 Bd7 28.c4 Re8 29.Rg1 Bxg1+ 30.Qxg1 Kf8
31.Qf2 Qh4 32.Qxh4 Nxh4 33.Bh5 Re4 34.Bxf4 Kg7 35.Rg1+ Kh8 36.Bxd6 Be8 37.Bxc5 Bg6
38.b3 Rae8 39.Nc3 Bxh5 40.Nxe4 Nf3+ 41.Kh1 Rxe4 42.Rc1 Re2 43.Bd6 Nd2  0-1

[Event "24th Staufer-Open"]
[Site "Schwaebisch Gmuend GER"]
[Date "2012.01.05"]
[Round "7"]
[White "Merk,T"]
[Black "Bravo Lutz,S"]
[Result "1-0"]
[WhiteElo "2135"]
[BlackElo "2245"]

1.e4 d6 2.d4 g6 3.Nc3 Bg7 4.f4 Nd7 5.Nf3 c6 6.Bc4 b5 7.Bb3 Rb8 8.e5 d5 9.Ne2 Nb6
10.c3 h5 11.Bc2 Nh6 12.Nh4 Nf5 13.Nxf5 Bxf5 14.Bxf5 gxf5 15.Ng3 e6 16.O-O Bf8
17.Nxh5 Qh4 18.Nf6+ Kd8 19.h3 Be7 20.b3 Kc7 21.Qd3 Bxf6 22.exf6 Rbg8 23.Rf3 Nd7
24.a4 b4 25.cxb4 Qe1+ 26.Rf1 Qh4 27.Rf3 Qe1+ 28.Rf1 Qg3 29.Qxg3 Rxg3 30.Rf3 Rhxh3
31.Kf2 Rxf3+ 32.gxf3 Rh1 33.Ke3 Nxf6 34.Bb2 Rxa1 35.Bxa1 Nh5 36.Bc3 Nf6 37.Be1 Nd7
38.Bh4 f6 39.Kd3 a6 40.Kc3 Kd6 41.Bg3 Kc7 42.Kd3 Kb6 43.Ke3 Kc7 44.Kd3 Kc8
45.Ke3 Kd8 46.Kd2 Nb6 47.Kc3 Kc7 48.Bh4 Nd7 49.Bg3 Kb7 50.Kc2 Kc8 51.Kd3 Kd8
52.Ke3 Kc8 53.Kd3 Nf8 54.Bh4 Nd7 55.Bg3 Kc7 56.Ke3 Kd6 57.Kd3 Nf8 58.Kc3 Ng6
59.Kd3 Kd7 60.Kc3 Kc7 61.Kd3 Kd6 62.Ke3 Kd7 63.Kd3 e5 64.dxe5 fxe5 65.fxe5 f4
66.Bh2 Nxe5+ 67.Ke2 Ng6 68.Kd3 Ne5+ 69.Ke2 Ng6 70.Kd3 Ke6 71.Kd4 Kd6 72.a5 Kd7
73.Kc5 Kc7 74.Bg1 Ne5 75.Bh2 Ng6 76.Bg1 Nf8 77.Kd4 Kd6 78.Kd3 Ke5 79.Bd4+ Kf5
80.Bf2 Ne6 81.Bh4 Kg6 82.Be7 Kf5 83.Bh4 Ke5 84.Be7 Ng7 85.Bh4 Nf5 86.Bg5 Nd6
87.Bh4 Nb5 88.Bd8 Nd4 89.Bc7+  1-0

[Event "17th Bosnjaci Open"]
[Site "Bosnjaci CRO"]
[Date "2012.01.06"]
[Round "6.11"]
[White "Zovko,Mari"]
[Black "Brigljevic,M"]
[Result "1/2-1/2"]
[WhiteElo "2236"]
[BlackElo "2278"]

1.e4 g6 2.d4 Bg7 3.Nc3 d6 4.Nge2 Nf6 5.g3 O-O 6.Bg2 c6 7.a4 a5 8.O-O e5 9.h3 Be6
10.Be3 Bc4 11.b3 exd4 12.Bxd4 Ba6 13.Re1 Nbd7 14.Qd2 Qc7 15.Rad1 Rad8 16.Be3 Nb6
17.Bf4 Nc8 18.Nd4  1/2-1/2

[Event "24th Staufer-Open"]
[Site "Schwaebisch Gmuend GER"]
[Date "2012.01.06"]
[Round "9"]
[White "Stahnecker,L"]
[Black "Knickel,A"]
[Result "1/2-1/2"]
[WhiteElo "2084"]
[BlackElo "2159"]

1.e4 g6 2.d4 d6 3.Nc3 Bg7 4.f4 a6 5.Nf3 Nd7 6.Bd3 b5 7.O-O c5 8.e5 cxd4 9.Be4 Rb8
10.Nxd4 dxe5 11.Nc6 Qc7 12.Nxb8 Qxb8 13.fxe5 Qxe5 14.Qf3 Ngf6 15.Bf4 Qc5+
16.Be3 Qe5 17.Rad1 O-O 18.Bd4 Qc7 19.Nd5 Nxd5 20.Bxg7  1/2-1/2

[Event "XXI Paul Keres Memorial Preliminary"]
[Site "Tallinn EST"]
[Date "2012.01.06"]
[Round "1"]
[White "Agopov,M"]
[Black "Dragun,Valentin"]
[Result "1-0"]
[WhiteElo "2448"]
[BlackElo "1977"]

1.e4 g6 2.d4 Bg7 3.Nc3 d6 4.Bg5 c6 5.Qd2 Qb6 6.O-O-O Nd7 7.f4 h6 8.Bh4 Qc7
9.Nf3 b5 10.e5 d5 11.e6 fxe6 12.Bd3 Nf8 13.Ne5 Bxe5 14.fxe5 Bd7 15.Rhf1 O-O-O
16.Rf7 Rh7 17.Qf2 Nf6 18.Rxh7 N6xh7 19.Bxe7 Re8 20.Qf7 Ng5 21.Qg7 Rxe7 22.Qxe7 Qd8
23.Qc5 Kb7 24.Rf1  1-0